Aká je rola EÚ v medzinárodných vzťahoch?
Posilňovanie významu spoločnej zahraničnej a bezpečnostnej politiky EÚ. Porovnávanie správania sa EÚ a USA. Diskusie o úlohe EÚ pri zaisťovaní bezpečnosti. EÚ je osobitným, zvláštnym aktérom medzinárodných vzťahov, lebo nie je ani štátom, ani klasickou medzinárodnou organizáciou. Občianstvo EÚ je od...
Salvato in:
| Autore principale: | |
|---|---|
| Natura: | Capitolo di libro |
| Lingua: | slovacco |
| Soggetti: | |
| Tags: |
Nessun Tag, puoi essere il primo ad aggiungerne!!
|
MARC
| LEADER | 00000naa$a2200000$$$4500 | ||
|---|---|---|---|
| 001 | 0053911 | ||
| 005 | 20240502071626.0 | ||
| 041 | 0 | |a slo | |
| 044 | |a SK | ||
| 245 | 1 | 0 | |a Aká je rola EÚ v medzinárodných vzťahoch? |c Peter Weiss |
| 520 | |a Posilňovanie významu spoločnej zahraničnej a bezpečnostnej politiky EÚ. Porovnávanie správania sa EÚ a USA. Diskusie o úlohe EÚ pri zaisťovaní bezpečnosti. EÚ je osobitným, zvláštnym aktérom medzinárodných vzťahov, lebo nie je ani štátom, ani klasickou medzinárodnou organizáciou. Občianstvo EÚ je odvodené od primárneho štátneho občianstva. V EÚ neexistuje žiadna autorita, ktorá by v oblasti spoločnej zahraničnej a bezpečnostnej politiky mohla členské štáty k niečomu prinútiť. Pôsobí iba dobrovoľný záväzok členských štátov nebyť v rozpore so záujmami EÚ - prejav vzájomnej solidarity. Rozhodovací proces v EÚ je oveľa komplikovanejší a zdĺhavejší ako u národných štátov. EÚ vznikla preto, aby skoncovala s Európou podelenou na sféry vplyvu veľmocí. EÚ vytvorila unikátny model stability a bezpečnosti na starom kontinente. | ||
| 610 | 2 | 0 | |a Európska únia |
| 610 | 2 | 0 | |a rozhodovanie |
| 610 | 2 | 0 | |a stabilita politická |
| 610 | 2 | 0 | |a bezpečnosť európska |
| 610 | 2 | 0 | |a vzťahy medzinárodné |
| 610 | 2 | 0 | |a vzťahy politické medzinárodné |
| 100 | 1 | |a Weiss, Peter | |